[Event "UNAM w Prelim A"]
[Site "Mexico City MEX"]
[Date "2012.11.17"]
[Round "2.4"]
[White "Pina Vega, Sulennis"]
[Black "Alexandrova, Olga"]
[Result "0-1"]
[WhiteTitle "WGM"]
[BlackTitle "IM"]
[WhiteElo "2332"]
[BlackElo "2409"]
[WhiteFideId "3503151"]
[BlackFideId "14102463"]
[EventDate "2012.11.16"]

1. e4 c6 2. d3 d5 3. Nd2 e5 4. Ngf3 Qc7 5. g3 Nf6 6. Bg2 Bc5 7. O-O O-O 8. h3
Re8 9. Qe2 dxe4 10. dxe4 b6 11. Nc4 Ba6 12. b3 Nbd7 13. Nh4 Bd4 14. Rb1 Nc5 15.
Bg5 Nfd7 16. Bd2 Ne6 17. b4 b5 18. Na3 Bb6 19. c3 Rad8 20. Nc2 Nf6 21. Rfd1 Bc8
22. Nf5 a6 23. Kh1 c5 24. a3 Bb7 25. Rf1 c4 26. Rbe1 Qd7 27. Be3 Bxe3 28. Qxe3
Qd3 29. Re2 Qxe3 30. Rxe3 Rd2 31. Ne1 g6 32. Nf3 Rdd8 33. Nh6+ Kg7 34. Ng4 Nxg4
35. hxg4 f6 36. Ra1 Bc6 37. Kg1 Ng5 38. Nxg5 fxg5 39. Bf1 a5 40. a4 bxa4 41.
Bxc4 axb4 42. cxb4 Rd4 43. Bd5 Bxd5 44. exd5 Rxb4 45. d6 Kf6 46. Rc1 Rd4 47. Rc6
Ke6 48. Ra6 Rxg4 49. Ra5 Kxd6 50. Ra3 Rc8 51. R5xa4 Rxa4 52. Rxa4 h5 53. Ra7 Ke6
54. Ra6+ Kf5 55. Ra7 h4 56. Ra4 hxg3 57. fxg3 e4 58. Kf2 Rc2+ 59. Ke3 Rc3+ 60.
Kf2 Rc2+ 61. Ke3 Rg2 62. Ra5+ Kg4 63. Kxe4 Rxg3 64. Ra1 Rg2 65. Ke3 Kg3 66. Ra5
g4 67. Rg5 Rg1 68. Rxg6 Re1+ 69. Kd2 Re8 70. Rg7 Kf3 71. Rf7+ Kg2 72. Rg7 g3 73.
Rf7 Kg1 74. Rg7 g2 75. Rf7 Re5 76. Rf6 Kh2 77. Rh6+ Kg3 78. Rg6+ Kf3 79. Rf6+
Kg4 0-1

[Event "UNAM w Prelim A"]
[Site "Mexico City MEX"]
[Date "2012.11.18"]
[Round "3.1"]
[White "Pina Vega, Sulennis"]
[Black "Van Weersel, Arlette"]
[Result "1-0"]
[WhiteTitle "WGM"]
[BlackTitle "WIM"]
[WhiteElo "2332"]
[BlackElo "2168"]
[WhiteFideId "3503151"]
[BlackFideId "1009877"]
[EventDate "2012.11.16"]

1. e4 e5 2. Nf3 Nc6 3. Bb5 a6 4. Ba4 Nf6 5. Qe2 Be7 6. O-O d6 7. c3 O-O 8. d3
Bd7 9. Bc2 Re8 10. Nbd2 Bf8 11. Rd1 Ne7 12. Nf1 Ng6 13. g3 c6 14. Ne3 Qc7 15.
Nf5 h6 16. N3h4 Nxh4 17. Nxh4 Bg4 18. f3 Be6 19. Be3 d5 20. Nf5 Qc8 21. g4 Nh7
22. Kh1 Qd8 23. Rg1 g5 24. h4 dxe4 25. fxe4 Qf6 26. Raf1 Bxf5 27. Rxf5 Qg6 28.
Bb3 Re6 29. Rgf1 Rf6 30. Rxf6 Nxf6 31. hxg5 hxg5 32. Rf5 Bg7 33. Rxg5 Qh7+ 34.
Kg1 Qh3 35. Rf5 Rf8 36. Qf3 Qxg4+ 37. Qxg4 Nxg4 38. Bc5 Rd8 39. Bxf7+ Kh8 40.
Rh5+ Nh6 41. Rh3 Kh7 42. Bb3 Rb8 43. Kf2 b6 44. Be3 Rf8+ 45. Ke2 c5 46. Be6 Kg6
47. a4 a5 48. Rg3+ Kh7 49. Bc4 Rf6 50. Rg5 Rg6 51. Rxg6 Kxg6 52. b4 axb4 53.
cxb4 cxb4 54. Bxb6 Nf7 55. Bxf7+ Kxf7 56. a5 Bh6 57. d4 b3 58. Kd3 exd4 59. Bxd4
Bf4 60. a6 Bb8 61. a7 Bxa7 62. Bxa7 Ke6 63. Kd2 1-0

[Event "UNAM w Prelim A"]
[Site "Mexico City MEX"]
[Date "2012.11.18"]
[Round "3.2"]
[White "Van Weersel, Arlette"]
[Black "Pina Vega, Sulennis"]
[Result "1-0"]
[WhiteTitle "WIM"]
[BlackTitle "WGM"]
[WhiteElo "2168"]
[BlackElo "2332"]
[WhiteFideId "1009877"]
[BlackFideId "3503151"]
[EventDate "2012.11.16"]

1. e4 c5 2. c4 d6 3. Ne2 Nf6 4. Nbc3 e6 5. d4 cxd4 6. Nxd4 Be7 7. Be2 a6 8. O-O
O-O 9. Be3 b6 10. Qd2 Bb7 11. f3 Nbd7 12. Rfd1 Rc8 13. Rac1 Ne5 14. b3 Qc7 15.
Na4 Ned7 16. Bf1 Rfe8 17. Qf2 Bd8 18. Ne2 Nc5 19. Nac3 Qb8 20. Nd4 Bc7 21. g3 h5
22. Bg5 Ncd7 23. Na4 Nh7 24. Be3 g5 25. Bg2 Kh8 26. Qb2 Kg8 27. Ne2 d5 28. Qd2
g4 29. fxg4 hxg4 30. Rf1 b5 31. cxb5 axb5 32. Nac3 Ba5 33. exd5 exd5 34. Bd4 Ne5
35. Qf4 Nf3+ 36. Bxf3 Qxf4 37. Nxf4 gxf3 38. Nxb5 Rxc1 39. Rxc1 Bd2 40. Rd1 Bxf4
41. gxf4 Ba6 42. Nc7 Be2 43. Nxe8 Bxd1 44. Kf2 Kf8 45. Nc7 Bc2 46. Nxd5 Be4 47.
Nc3 Bb7 48. b4 Ke8 49. a4 Nf8 50. b5 Ne6 51. Be3 Kd7 52. a5 Nc7 53. h4 Ke6 54.
Bb6 Nd5 55. Nxd5 Bxd5 56. Bd8 Bc4 57. b6 Ba6 58. Kxf3 Kf5 59. Kg3 Bb7 60. Bc7
Kg6 61. Kg4 Bc8+ 62. Kf3 Bb7+ 63. Ke3 Kh5 64. Kd4 Kxh4 65. Kc5 1-0

[Event "UNAM w Prelim A"]
[Site "Mexico City MEX"]
[Date "2012.11.18"]
[Round "3.3"]
[White "Pina Vega, Sulennis"]
[Black "Van Weersel, Arlette"]
[Result "1-0"]
[WhiteTitle "WGM"]
[BlackTitle "WIM"]
[WhiteElo "2332"]
[BlackElo "2168"]
[WhiteFideId "3503151"]
[BlackFideId "1009877"]
[EventDate "2012.11.16"]

1. e4 e5 2. Nf3 Nc6 3. Bb5 a6 4. Ba4 Nf6 5. Qe2 Be7 6. c3 d6 7. O-O O-O 8. d3
Bd7 9. Bb3 Na5 10. Bc2 c5 11. Re1 Nc6 12. Nbd2 Re8 13. Nf1 h6 14. Ne3 Bf8 15. a4
b6 16. Bb3 Be6 17. Bxe6 Rxe6 18. Nf5 Kh7 19. h3 Re8 20. Nh2 g6 21. Ng3 d5 22.
Ng4 Nxg4 23. Qxg4 dxe4 24. dxe4 Qf6 25. Be3 Na5 26. Rad1 Rad8 27. Qe2 Qe6 28.
Rxd8 Rxd8 29. Qxa6 Qb3 30. Qb5 Qxb5 31. axb5 Nc4 32. b3 Na3 33. Ne2 Nxb5 34. c4
Nd4 35. Bxd4 exd4 36. Rd1 Ra8 37. Nf4 b5 38. cxb5 Rb8 39. Kf1 Rxb5 40. Rd3 Ra5
41. Nd5 Ra1+ 42. Ke2 Ra2+ 43. Rd2 Ra3 44. Rb2 Kg7 45. Kd3 Ra1 46. f4 Rd1+ 47.
Rd2 Rb1 48. Kc2 Re1 49. e5 g5 50. g3 Rg1 51. Rd3 Rg2+ 52. Kd1 Rg1+ 53. Ke2 Rg2+
54. Kf3 Ra2 55. Ke4 Re2+ 56. Kf5 gxf4 57. gxf4 Rg2 58. Nf6 Be7 59. Rg3+ Rxg3 60.
Nh5+ Kf8 61. Nxg3 Bh4 62. Nf1 Be1 63. Ke4 Ke7 64. Nh2 d3 65. Kxd3 Bg3 66. Nf3
Bxf4 67. Ke4 Bg3 68. Kd5 Bf2 69. Nd2 Bd4 70. Ne4 Bg1 71. Nxc5 f6 72. exf6+ Kxf6
73. b4 Kg5 74. b5 Bh2 75. b6 Kh4 76. Nd7 Bg1 77. b7 Ba7 78. Ne5 Bb8 79. Nc6 Bc7
80. Nb4 Bb8 81. Ke6 Kxh3 82. Kd7 h5 83. Kc8 Bf4 84. Nd5 Bd6 85. Nc7 h4 86. b8=Q
Bxc7 87. Qxc7 Kg2 88. Qg7+ Kh2 89. Qe5+ Kg2 90. Qg5+ Kh3 91. Kd7 1-0

[Event "UNAM w Prelim A"]
[Site "Mexico City MEX"]
[Date "2012.11.18"]
[Round "3.4"]
[White "Van Weersel, Arlette"]
[Black "Pina Vega, Sulennis"]
[Result "1/2-1/2"]
[WhiteTitle "WIM"]
[BlackTitle "WGM"]
[WhiteElo "2168"]
[BlackElo "2332"]
[WhiteFideId "1009877"]
[BlackFideId "3503151"]
[EventDate "2012.11.16"]

1. e4 c5 2. c4 Nc6 3. Ne2 e5 4. Nbc3 d6 5. g3 g6 6. Bg2 Bg7 7. O-O Nge7 8. d3
O-O 9. f4 exf4 10. gxf4 f5 11. Be3 Nd4 12. Rc1 Nec6 13. b3 Be6 14. Qe1 Re8 15.
Qg3 a6 16. Bf2 Qa5 17. Nxd4 Nxd4 18. e5 Rab8 19. Bxd4 cxd4 20. Nd5 dxe5 21. fxe5
Bxd5 22. Bxd5+ Kh8 23. Rce1 Qc7 24. e6 Qxg3+ 25. hxg3 Re7 26. Kf2 Bh6 27. Kf3
Kg7 28. Rh1 Be3 29. a4 a5 30. Rxe3 dxe3 31. Kxe3 b6 32. d4 Kf6 33. Kd3 h5 34. c5
bxc5 35. dxc5 Ke5 36. Bc4 Rc8 37. Re1+ Kf6 38. Kd4 g5 39. Bd5 f4 40. gxf4 gxf4
41. c6 h4 42. Ke4 Rxc6 43. Kxf4 Rd6 44. Bc4 Rd4+ 45. Kf3 Rg7 46. Rf1 Ke7 47. Ke3
Rdg4 48. Rd1 Rg3+ 49. Kd4 h3 50. Bd5 Rg1 51. Rd2 Kd6 52. Kc4 Rc1+ 53. Kd4 h2 54.
Ke3 Ke5 55. Rxh2 Kxd5 56. Rh5+ Kxe6 57. Rxa5 Rc3+ 58. Kd4 Rxb3 59. Ra6+ Kf5 60.
a5 Rc7 61. Ra8 Ke6 62. a6 Ra3 63. Rh8 Ra4+ 64. Kd3 Kd7 65. Rh6 Ra7 66. Rh7+ Kc6
67. Rxa7 Kb6 68. Ra8 Rxa6 69. Rxa6+ Kxa6 70. Ke4 1/2-1/2

[Event "UNAM w Prelim A"]
[Site "Mexico City MEX"]
[Date "2012.11.18"]
[Round "3.1"]
[White "Nakhbayeva, Guliskhan"]
[Black "Alexandrova, Olga"]
[Result "1/2-1/2"]
[WhiteTitle "WIM"]
[BlackTitle "IM"]
[WhiteElo "2334"]
[BlackElo "2409"]
[WhiteFideId "13704788"]
[BlackFideId "14102463"]
[EventDate "2012.11.16"]

1. d4 Nf6 2. c4 e6 3. Nc3 Bb4 4. e3 O-O 5. Ne2 d5 6. a3 Be7 7. cxd5 exd5 8. Ng3
Re8 9. Bd3 c6 10. O-O a5 11. Bd2 Na6 12. Rc1 Nc7 13. Na4 Ne6 14. Qb3 b5 15. Nc5
Nxc5 16. dxc5 g6 17. Bc3 Bf8 18. Bd4 Ne4 19. Nxe4 dxe4 20. Be2 Bg7 21. Rfd1 Bxd4
22. Rxd4 Qe7 23. Rd6 Qc7 24. Rcd1 Be6 25. Qc3 Rab8 26. b4 axb4 27. axb4 Bd5 28.
h4 Red8 29. Qf6 Rxd6 30. cxd6 Qd8 31. Qf4 Qd7 32. Bg4 f5 33. Be2 Rd8 34. Bxb5
Qxd6 35. Qxd6 Rxd6 36. Bxc6 Rxc6 37. Rxd5 Rc1+ 38. Kh2 Rb1 39. Rb5 Kg7 40. Rb6
h6 41. Kg3 g5 42. Rb8 Rb2 43. hxg5 hxg5 44. b5 Rb3 45. b6 f4+ 46. Kg4 fxe3 47.
fxe3 Rxe3 48. Kxg5 Rb3 49. Kf4 e3 50. Kf3 Kh7 51. b7 Kg7 52. g4 Kh7 53. g5 Kg7
54. g6 Rb6 55. Kxe3 Rb1 56. Kd2 Rb2+ 57. Kc3 Rb1 58. Kc4 Rc1+ 59. Kd3 Rb1 60.
Ke4 Re1+ 61. Kf5 Rf1+ 62. Ke6 Re1+ 63. Kd6 Rd1+ 64. Kc5 Rc1+ 65. Kd4 Rd1+ 66.
Kc3 Rb1 67. Kc2 Rb6 68. Kc3 Rb1 69. Kc2 Rb6 70. Kc3 Rb1 1/2-1/2

[Event "UNAM w Prelim A"]
[Site "Mexico City MEX"]
[Date "2012.11.18"]
[Round "3.2"]
[White "Alexandrova, Olga"]
[Black "Nakhbayeva, Guliskhan"]
[Result "0-1"]
[WhiteTitle "IM"]
[BlackTitle "WIM"]
[WhiteElo "2409"]
[BlackElo "2334"]
[WhiteFideId "14102463"]
[BlackFideId "13704788"]
[EventDate "2012.11.16"]

1. d4 Nf6 2. c4 e6 3. Nf3 Bb4+ 4. Bd2 a5 5. e3 b6 6. Nc3 Bb7 7. Bd3 O-O 8. O-O
d6 9. a3 Bxc3 10. Bxc3 a4 11. Qe2 Nbd7 12. e4 Re8 13. e5 Nh5 14. Qe3 f5 15. exf6
Qxf6 16. Ng5 h6 17. Ne4 Qf7 18. f4 Rf8 19. g3 Nhf6 20. Nf2 b5 21. Rae1 Rfe8 22.
cxb5 Nb6 23. Ne4 Bxe4 24. Bxe4 d5 25. Bd3 Nc8 26. Bb4 Nd6 27. Bxd6 cxd6 28. h3
Rac8 29. Rc1 Nd7 30. Rc6 Rxc6 31. bxc6 Nb6 32. Rc1 Rc8 33. g4 Rc7 34. Kg2 Nc4
35. Bxc4 dxc4 36. Rxc4 e5 37. Rc3 Qd5+ 38. Qf3 e4 39. Qe3 Rxc6 40. Rxc6 Qxc6 41.
Qc3 Qa6 42. Kf2 Kh7 43. b4 axb3 44. Qxb3 Qc6 45. Ke3 d5 46. Kd2 Qf6 47. Ke3 Qc6
48. Kd2 Qd6 49. Ke3 g5 50. Qb7+ Kg6 51. f5+ Kf6 52. Qh7 Qxa3+ 53. Ke2 Qb2+ 54.
Ke3 Qc3+ 55. Ke2 Qd3+ 56. Ke1 Qe3+ 57. Kf1 Qxh3+ 58. Ke1 Qg3+ 59. Kd2 Qg2+ 60.
Kc3 Qxg4 61. Qg6+ Ke7 62. Qe6+ Kd8 63. Qxd5+ Kc7 64. Qc5+ Kd7 65. Qd5+ Kc7 66.
Qf7+ Kb6 67. Qe6+ Kc7 68. Qe5+ Kd7 69. f6 Qe6 70. Qb5+ Kc7 71. Qa5+ Kc8 72. Qc5+
Kd7 73. Qa7+ Ke8 74. Qb8+ Kf7 75. Kd2 e3+ 76. Ke2 Kxf6 77. Qh8+ Kg6 78. Qd8 g4
79. d5 Qe4 80. Qg8+ Kh5 81. Qf7+ Kh4 82. Qf6+ Kg3 83. Qd6+ Kg2 84. Qxh6 Qf3+ 85.
Kd3 e2+ 86. Kd4 e1=Q 0-1

[Event "UNAM w Prelim A"]
[Site "Mexico City MEX"]
[Date "2012.11.18"]
[Round "3.3"]
[White "Nakhbayeva, Guliskhan"]
[Black "Alexandrova, Olga"]
[Result "1-0"]
[WhiteTitle "WIM"]
[BlackTitle "IM"]
[WhiteElo "2334"]
[BlackElo "2409"]
[WhiteFideId "13704788"]
[BlackFideId "14102463"]
[EventDate "2012.11.16"]

1. d4 Nf6 2. c4 e6 3. Nf3 d5 4. Nc3 c5 5. cxd5 Nxd5 6. e4 Nxc3 7. bxc3 cxd4 8.
cxd4 Bb4+ 9. Bd2 Bxd2+ 10. Qxd2 O-O 11. Bc4 Nd7 12. O-O b6 13. Rad1 Bb7 14. Rfe1
Rc8 15. Bd3 Qe7 16. d5 Nc5 17. Bb1 exd5 18. exd5 Qd6 19. Qg5 Rfe8 20. Nd4 h6 21.
Qxg7+ Kxg7 22. Nf5+ Kf6 23. Nxd6 Rxe1+ 24. Rxe1 Rd8 25. Ne8+ Kg5 26. Re5+ f5 27.
Rxf5+ Kg6 28. Rf8+ Kg5 29. f4+ 1-0

[Event "UNAM w Prelim A"]
[Site "Mexico City MEX"]
[Date "2012.11.18"]
[Round "3.4"]
[White "Alexandrova, Olga"]
[Black "Nakhbayeva, Guliskhan"]
[Result "1-0"]
[WhiteTitle "IM"]
[BlackTitle "WIM"]
[WhiteElo "2409"]
[BlackElo "2334"]
[WhiteFideId "14102463"]
[BlackFideId "13704788"]
[EventDate "2012.11.16"]

1. d4 Nf6 2. c4 e6 3. Nf3 Bb4+ 4. Bd2 a5 5. Nc3 d6 6. e3 Nbd7 7. Qc2 e5 8. a3
Bxc3 9. Bxc3 Qe7 10. Be2 O-O 11. O-O e4 12. Nd2 d5 13. b4 a4 14. b5 Re8 15. Bb4
Qe6 16. Rfc1 c6 17. cxd5 cxd5 18. Qc7 Nf8 19. Qd6 Qf5 20. Nf1 Ng6 21. Rc7 h5 22.
Rac1 h4 23. h3 Qg5 24. Kh2 Nf8 25. Re7 Ng6 26. Rxe8+ Nxe8 27. Qb6 Nf4 28. exf4
Qxf4+ 29. Kg1 Qxc1 30. Qd8 Bg4 31. Qxa8 Bxe2 32. Qxe8+ Kh7 33. Qxf7 Qxf1+ 34.
Kh2 Bf3 35. Qf5+ Kh8 36. Qg5 Qxf2 37. Bd6 Bxg2 38. Qxg2 Qxd4 39. Qe2 Kg8 40. Qc2
Qf6 41. Qc8+ Kh7 42. Bc5 Qf4+ 43. Kg2 Qg3+ 44. Kf1 Qf3+ 45. Ke1 e3 46. Qf8 Qxh3
47. Qf4 Qh1+ 48. Ke2 Qg2+ 49. Kxe3 Qg1+ 50. Qf2 Qc1+ 51. Kd4 Qc4+ 52. Ke5 Qe4+
53. Kd6 h3 54. Be3 Kg8 55. Bf4 Qf5 56. Qg3 d4 57. Be5 g5 58. Bxd4 g4 59. Be5 Qf3
60. Qh4 Qd3+ 61. Ke6 Qg6+ 62. Bf6 g3 63. Qh8# 1-0

[Event "UNAM w Prelim A"]
[Site "Mexico City MEX"]
[Date "2012.11.18"]
[Round "3.1"]
[White "Rizzo, Marina"]
[Black "Orlova, Yelizaveta"]
[Result "0-1"]
[WhiteTitle "WFM"]
[BlackTitle "WCM"]
[WhiteElo "2054"]
[BlackElo "1961"]
[WhiteFideId "102687"]
[BlackFideId "2601826"]
[EventDate "2012.11.16"]

1. e4 c5 2. Nf3 Nc6 3. d4 cxd4 4. Nxd4 Qb6 5. Nb3 g6 6. Be3 Qb4+ 7. N1d2 Bg7 8.
c3 Qd6 9. Be2 Qc7 10. O-O Nf6 11. f4 d6 12. Kh1 O-O 13. Qe1 b6 14. Bf3 Bb7 15.
Qg3 b5 16. Rad1 Rad8 17. h4 Kh8 18. Nd4 a6 19. Qh2 e5 20. Ne2 exf4 21. Bxf4 Ne5
22. Nd4 Neg4 23. Qg3 h5 24. Bg5 Rd7 25. Rfe1 b4 26. Rc1 bxc3 27. Rxc3 Qb6 28.
N2b3 a5 29. Ne2 Nxe4 30. Bxe4 Bxe4 31. Re3 Nxe3 32. Bxe3 Qa6 33. Nc3 Bb7 34. Qg5
a4 35. Nd4 a3 36. bxa3 Qxa3 37. Ncb5 Qxa2 38. Nc3 Qc4 39. Nce2 Qd5 40. Qxd5 Bxd5
41. Nf4 Bb7 42. Rb1 Kh7 43. Nh3 Re8 44. Ng5+ Kg8 45. Bf4 Bxd4 46. Kh2 f6 47. Nh3
Re2 48. Ng1 Re6 49. Ra1 0-1

[Event "UNAM w Prelim A"]
[Site "Mexico City MEX"]
[Date "2012.11.18"]
[Round "3.2"]
[White "Orlova, Yelizaveta"]
[Black "Rizzo, Marina"]
[Result "1/2-1/2"]
[WhiteTitle "WCM"]
[BlackTitle "WFM"]
[WhiteElo "1961"]
[BlackElo "2054"]
[WhiteFideId "2601826"]
[BlackFideId "102687"]
[EventDate "2012.11.16"]

1. b3 e5 2. Bb2 Nc6 3. e3 d6 4. c4 Bf5 5. a3 a5 6. Nc3 Nf6 7. d3 Be7 8. Be2 O-O
9. g4 Be6 10. h4 Qd7 11. g5 Ne8 12. Nd5 Bd8 13. Nf3 Ne7 14. Nxe7+ Bxe7 15. h5 f6
16. h6 fxg5 17. hxg7 Nxg7 18. d4 e4 19. Nd2 d5 20. cxd5 Bxd5 21. Bg4 Qd6 22. Nc4
Qf6 23. Qd2 b6 24. Ne5 Rfd8 25. Qc2 Bd6 26. O-O-O Qf8 27. a4 Bxe5 28. dxe5 Qf7
29. e6 Nxe6 30. Bxe6 Qxe6 31. Qc3 Qc6 32. Qxc6 Bxc6 33. Rh5 Rxd1+ 34. Kxd1 Rd8+
35. Kc2 Rd5 36. Rh6 Bd7 37. Rf6 Rf5 38. Rxf5 Bxf5 39. Bf6 g4 40. Bd8 h5 41. Bxc7
h4 42. Kc3 Kf7 43. Kc4 Bd7 44. Kd5 b5 45. axb5 Bxb5 46. Kxe4 a4 47. bxa4 Bxa4
48. Kf4 Bd1 49. Kg5 h3 50. Kh4 Ke8 1/2-1/2

[Event "UNAM w Prelim A"]
[Site "Mexico City MEX"]
[Date "2012.11.18"]
[Round "3.3"]
[White "Rizzo, Marina"]
[Black "Orlova, Yelizaveta"]
[Result "1-0"]
[WhiteTitle "WFM"]
[BlackTitle "WCM"]
[WhiteElo "2054"]
[BlackElo "1961"]
[WhiteFideId "102687"]
[BlackFideId "2601826"]
[EventDate "2012.11.16"]

1. e4 c5 2. Nf3 Nc6 3. d4 cxd4 4. Nxd4 g6 5. Nc3 Bg7 6. Be3 Nf6 7. Be2 O-O 8.
Qd2 d6 9. f3 Bd7 10. g4 Rc8 11. O-O-O Ne5 12. h4 Nc4 13. Bxc4 Rxc4 14. h5 Ne8
15. hxg6 fxg6 16. Qh2 Nf6 17. Nd5 Nxd5 18. exd5 Kf7 19. Ne6 Bxe6 20. dxe6+ Ke8
21. Qxh7 Bxb2+ 22. Kxb2 Qa5 23. Qxg6+ Kd8 24. Rxd6+ Kc8 25. Rd3 Qe5+ 26. Kb1
Rb4+ 27. Rb3 Rxb3+ 28. axb3 Qxe3 29. Rd1 Qxf3 30. Rd3 Qf1+ 31. Kb2 Qf6+ 32. Qxf6
Rxf6 33. Re3 Kc7 34. Kc3 Kd6 35. Kd4 Rg6 36. Re4 Rxe6 37. Rxe6+ Kxe6 38. Ke4 Kf6
39. Kf4 Kg6 40. Ke4 1-0

[Event "UNAM w Prelim A"]
[Site "Mexico City MEX"]
[Date "2012.11.18"]
[Round "3.4"]
[White "Orlova, Yelizaveta"]
[Black "Rizzo, Marina"]
[Result "1-0"]
[WhiteTitle "WCM"]
[BlackTitle "WFM"]
[WhiteElo "1961"]
[BlackElo "2054"]
[WhiteFideId "2601826"]
[BlackFideId "102687"]
[EventDate "2012.11.16"]

1. d4 d5 2. Nf3 Nf6 3. b3 Bf5 4. Bb2 Nbd7 5. e3 e6 6. c4 c6 7. Nbd2 h6 8. Be2
Bd6 9. h3 Bh7 10. a3 O-O 11. b4 a6 12. Qb3 Re8 13. Bd3 Bxd3 14. Qxd3 b5 15. c5
Bc7 16. Ne5 Nxe5 17. dxe5 Nd7 18. Nf3 Qb8 19. Qd4 a5 20. O-O axb4 21. axb4 Ra4
22. Kh1 Qa7 23. g4 Ra8 24. h4 Qb8 25. g5 hxg5 26. hxg5 g6 27. Kg2 Rxa1 28. Bxa1
Ra4 29. Rh1 Rxa1 30. Qxa1 Nxe5 31. Nd4 Qd8 32. Nxc6 Qxg5+ 33. Kf1 f6 34. Qd1 1-0

[Event "UNAM w Prelim A"]
[Site "Mexico City MEX"]
[Date "2012.11.19"]
[Round "4.1"]
[White "Van Weersel, Arlette"]
[Black "Orlova, Yelizaveta"]
[Result "1-0"]
[WhiteTitle "WIM"]
[BlackTitle "WCM"]
[WhiteElo "2168"]
[BlackElo "1961"]
[WhiteFideId "1009877"]
[BlackFideId "2601826"]
[EventDate "2012.11.16"]

1. e4 c5 2. c4 g6 3. Ne2 Bg7 4. d4 cxd4 5. Nxd4 Nc6 6. Be3 d6 7. Nc3 Nf6 8. Be2
O-O 9. O-O Bd7 10. Nb3 Na5 11. f3 Rc8 12. Nxa5 Qxa5 13. Rc1 a6 14. Qd2 Rfe8 15.
Rfd1 b5 16. c5 b4 17. Nb1 Bb5 18. cxd6 exd6 19. Bxb5 Qxb5 20. Qxd6 h5 21. Qd2
Kh7 22. b3 a5 23. Qf2 Nd7 24. Qf1 Qxf1+ 25. Kxf1 Ne5 26. Nd2 a4 27. bxa4 Ra8 28.
h3 Rxa4 29. f4 Nd3 30. Rc7 Rxa2 31. Rxf7 Rf8 32. Rxf8 Bxf8 33. Nc4 Nb2 34. Rd7+
Kg8 35. Ne5 Ra3 36. Bd4 Nd3 37. Nxg6 b3 38. Rd8 Kf7 39. Nxf8 Ke7 40. Rb8 Nxf4
41. Bc5+ Kf7 42. Ke1 Ra8 1-0

[Event "UNAM w Prelim A"]
[Site "Mexico City MEX"]
[Date "2012.11.19"]
[Round "4.2"]
[White "Orlova, Yelizaveta"]
[Black "Van Weersel, Arlette"]
[Result "1-0"]
[WhiteTitle "WCM"]
[BlackTitle "WIM"]
[WhiteElo "1961"]
[BlackElo "2168"]
[WhiteFideId "2601826"]
[BlackFideId "1009877"]
[EventDate "2012.11.16"]

1. b3 Nf6 2. Bb2 g6 3. Bxf6 exf6 4. c4 Bg7 5. Nc3 O-O 6. g3 c6 7. Bg2 f5 8. Rc1
d6 9. e3 Nd7 10. Nge2 Nf6 11. O-O Re8 12. Nf4 Ne4 13. d4 Qa5 14. Qc2 Nxc3 15.
Qxc3 Qxc3 16. Rxc3 Bd7 17. Rd3 Rad8 18. b4 a6 19. Rc1 Rc8 20. a4 h6 21. a5 g5
22. Ne2 Kh7 23. Nc3 Kg6 24. Na4 Rcd8 25. Nb6 Re7 26. d5 Be8 27. Rcd1 Be5 28. f4
Bf6 29. c5 cxd5 30. Nxd5 Red7 31. Nb6 Be7 32. Nxd7 Rxd7 33. cxd6 Bf8 34. e4 fxe4
35. Bxe4+ f5 36. Bg2 Kf6 37. fxg5+ hxg5 38. Re1 Bf7 39. Bxb7 Rxd6 40. Rxd6+ Bxd6
41. Bxa6 Bxb4 42. Ra1 Bc3 43. Ra3 Bb4 44. Ra4 Bc5+ 45. Kg2 Bd5+ 46. Kf1 Ke5 47.
Ke2 Bg1 48. h4 gxh4 49. Rxh4 Bd4 50. Bd3 Be6 51. a6 Ba7 52. Rh7 Bd4 53. a7 Bd5
54. Rd7 Bc6 55. Rc7 Bg2 56. Ba6 Kd6 57. Rh7 Be4 58. Bb7 Bxa7 59. Bxe4 Bd4 60.
Bxf5 Ke5 61. g4 Kf4 62. Rd7 Bf6 63. Rd3 Ba1 64. Rf3+ Kg5 65. Ke3 Bb2 66. Ke4 Ba1
67. Ra3 Bb2 68. Ra6 Bf6 69. Kd5 Bb2 70. Ke6 Kh6 71. Kf7+ Kg5 72. Rg6+ Kf4 73.
Bd7 Ke5 74. g5 Bc1 75. Re6+ Kf4 76. g6 Bb2 77. g7 Bxg7 78. Kxg7 1-0

[Event "UNAM w Prelim A"]
[Site "Mexico City MEX"]
[Date "2012.11.19"]
[Round "4.3"]
[White "Van Weersel, Arlette"]
[Black "Orlova, Yelizaveta"]
[Result "1-0"]
[WhiteTitle "WIM"]
[BlackTitle "WCM"]
[WhiteElo "2168"]
[BlackElo "1961"]
[WhiteFideId "1009877"]
[BlackFideId "2601826"]
[EventDate "2012.11.16"]

1. e4 c5 2. c4 Nc6 3. Ne2 g6 4. d4 cxd4 5. Nxd4 Bg7 6. Be3 d6 7. Nc3 Nf6 8. Be2
O-O 9. O-O Bd7 10. Nb3 Ne5 11. f3 Rc8 12. Nd2 b6 13. Rc1 Bc6 14. b4 Bb7 15. Qb3
Qc7 16. Nb5 Qb8 17. a4 Ba6 18. Na3 Rfd8 19. Rfd1 e6 20. Bf1 d5 21. cxd5 Bxf1 22.
Rxc8 Qxc8 23. Nxf1 exd5 24. exd5 Qb7 25. d6 Ne8 26. Nb5 a6 27. Nc3 Rxd6 28. Ne4
Rxd1 29. Qxd1 Qc7 30. Bf2 Nc4 31. Qd5 Ned6 32. Nxd6 Nxd6 33. Qa8+ Qc8 34. Qa7 b5
35. Qc5 Qd7 36. axb5 axb5 37. Qd5 Qe6 38. Qa8+ Qe8 39. Qxe8+ Nxe8 40. Ne3 Bc3
41. Nd5 Kg7 42. Nxc3 1-0

[Event "UNAM w Prelim A"]
[Site "Mexico City MEX"]
[Date "2012.11.19"]
[Round "4.4"]
[White "Orlova, Yelizaveta"]
[Black "Van Weersel, Arlette"]
[Result "0-1"]
[WhiteTitle "WCM"]
[BlackTitle "WIM"]
[WhiteElo "1961"]
[BlackElo "2168"]
[WhiteFideId "2601826"]
[BlackFideId "1009877"]
[EventDate "2012.11.16"]

1. d4 Nf6 2. c4 g6 3. b3 Bg7 4. Bb2 O-O 5. Nf3 d5 6. e3 c6 7. Nbd2 b6 8. Be2 Bb7
9. O-O Nbd7 10. Rc1 Rc8 11. Qc2 c5 12. Qb1 Rc7 13. Rfd1 Qa8 14. cxd5 Bxd5 15.
Bc4 Bb7 16. Bd3 Rfc8 17. Bb5 a6 18. Bxd7 Rxd7 19. Ne5 Rdd8 20. f3 Nd5 21. Nf1
cxd4 22. Bxd4 f6 23. Nc4 b5 24. Na5 e5 25. Nxb7 Qxb7 26. Bc5 Nc7 27. Be7 Rxd1
28. Rxd1 Ne6 29. Qd3 Qxe7 0-1

[Event "UNAM w Prelim A"]
[Site "Mexico City MEX"]
[Date "2012.11.19"]
[Round "4.2"]
[White "Rizzo, Marina"]
[Black "Alexandrova, Olga"]
[Result "0-1"]
[WhiteTitle "WFM"]
[BlackTitle "IM"]
[WhiteElo "2054"]
[BlackElo "2409"]
[WhiteFideId "102687"]
[BlackFideId "14102463"]
[EventDate "2012.11.16"]

1. e4 c5 2. Nf3 e6 3. d4 cxd4 4. Nxd4 a6 5. Nc3 b5 6. a3 d6 7. Be3 Bb7 8. Be2
Nf6 9. f3 Be7 10. O-O Nbd7 11. Qe1 O-O 12. Rd1 Qc7 13. Qg3 Ne5 14. Kh1 Nc4 15.
Bc1 Nxa3 16. Bh6 Ne8 17. Ncxb5 Nxb5 18. Nxb5 axb5 19. Bxb5 Bc6 20. Bd3 Kh8 21.
Bf4 e5 22. Bd2 Nf6 23. Bc3 Qb7 24. Bc4 Bb5 25. Bxb5 Qxb5 26. Rde1 Bd8 27. Qf2
Ba5 28. Bxa5 Rxa5 29. b3 Qc5 30. Qd2 Ra2 31. Rc1 Rc8 32. h3 h6 33. b4 Qd4 34.
Qxd4 exd4 35. Rfd1 Rc4 36. b5 Nd7 37. Rd2 Nc5 38. Rcd1 Ne6 39. Rb1 Rcxc2 40.
Rxc2 Rxc2 41. b6 Rc8 42. Kg1 Nc5 43. Kf1 Rb8 44. Ke2 Kh7 45. Rb5 Na4 46. Rb4
Nxb6 47. Rxd4 Nc8 48. Ke3 Rb6 49. h4 h5 50. Kf4 Kg6 51. g4 hxg4 52. fxg4 f6 53.
h5+ Kf7 54. Rd5 Ne7 55. Ra5 Rb1 56. Ra7 Ke6 57. Ra5 Rf1+ 58. Ke3 Rg1 59. Kf4 Rc1
60. Ke3 Rc5 61. Ra7 d5 62. Kd3 dxe4+ 63. Kxe4 Rc4+ 64. Kf3 Rd4 65. Ra6+ Rd6 66.
Ra5 Nc6 67. Ra8 Ne5+ 68. Ke4 Nxg4 69. Rg8 Kf7 70. Ra8 Ne5 71. Ra7+ Rd7 72. Ra5
Rb7 73. Kf5 Nd7 74. Ra3 Rb5+ 75. Kg4 Rg5+ 76. Kh4 Ne5 77. Ra7+ Kg8 78. Ra8+ Kh7
79. Ra7 Rg4+ 80. Kh3 Rc4 81. Ra5 Kh6 82. Ra7 Rd4 83. Ra8 Kxh5 84. Rh8+ Kg5 85.
Rg8 g6 0-1